|
|
|
|
| LEADER |
00000cam a2200000 c 4500 |
| 001 |
024966126 |
| 003 |
DE-627 |
| 005 |
20260206192730.0 |
| 007 |
tu |
| 008 |
710101s1981 gw ||||| 00| ||ger c |
| 015 |
|
|
|a 81,N28,0053
|2 dnb
|
| 015 |
|
|
|a 81,A43,0165
|2 dnb
|
| 016 |
7 |
|
|a 810592541
|2 DE-101
|
| 020 |
|
|
|a 3415008916
|9 3-415-00891-6
|
| 035 |
|
|
|a (DE-627)024966126
|
| 035 |
|
|
|a (DE-603)080742793
|
| 035 |
|
|
|a (DE-576)008317607
|
| 035 |
|
|
|a (DE-599)GBV024966126
|
| 035 |
|
|
|a (OCoLC)8930714
|
| 035 |
|
|
|a (OCoLC)251844386
|
| 035 |
|
|
|a (OCoLC)310718447
|
| 035 |
|
|
|a (OCoLC)614409650
|
| 035 |
|
|
|a (DE-604)8010164367
|
| 040 |
|
|
|a DE-627
|b ger
|c DE-627
|e rakwb
|
| 041 |
|
|
|a ger
|
| 044 |
|
|
|c XA-DE
|
| 082 |
0 |
|
|a 345.43/077
|q OCLC
|
| 082 |
0 |
|
|a 344.30577
|q OCLC
|
| 082 |
0 |
|
|a 345.43077
|a 344.30577
|2 DDC19oclc
|
| 084 |
|
|
|a 04a
|2 sdnb
|
| 084 |
|
|
|a 04a
|a 05b
|2 sdnb
|
| 084 |
|
|
|a 2
|2 ssgn
|
| 084 |
|
|
|a PH 5290
|2 rvk
|0 (DE-625)rvk/136198:
|
| 084 |
|
|
|a 79.20
|2 bkl
|
| 100 |
1 |
|
|a Stöckel, Heinz
|d 1940-2015
|0 (DE-588)106165283
|0 (DE-627)624498115
|0 (DE-576)163205426
|4 aut
|
| 109 |
|
|
|a Stöckel, Heinz 1940-2015
|
| 245 |
1 |
0 |
|a Strafaussetzung, Bewährungshilfe, Widerruf
|b empirische Untersuchung über die Gründe für den Widerruf der Strafaussetzung zur Bewährung oder der Aussetzung eines Strafrestes bei Verurteilten, für die ein Bewährungshelfer bestellt war
|c Heinz Stöckel
|
| 264 |
|
1 |
|a Stuttgart, München, Hannover
|b Boorberg
|c 1981
|
| 300 |
|
|
|a 89 S
|b graph. Darst.
|c 21 cm
|
| 336 |
|
|
|a Text
|b txt
|2 rdacontent
|
| 337 |
|
|
|a ohne Hilfsmittel zu benutzen
|b n
|2 rdamedia
|
| 338 |
|
|
|a Band
|b nc
|2 rdacarrier
|
| 583 |
1 |
|
|a Archivierung/Langzeitarchivierung gewährleistet
|f PEBW
|x XA-DE-BW
|2 pdager
|5 DE-24
|
| 583 |
1 |
|
|a Archivierung/Langzeitarchivierung gewährleistet
|f PENI
|x XA-DE-NI
|2 pdager
|5 DE-35
|
| 650 |
|
4 |
|a Bewährungshilfe
|
| 650 |
|
4 |
|a Strafaussetzung zur Bewährung
|
| 689 |
0 |
0 |
|d s
|0 (DE-588)4057778-8
|0 (DE-627)10416851X
|0 (DE-576)209123672
|a Strafaussetzung
|2 gnd
|
| 689 |
0 |
1 |
|d s
|0 (DE-588)4006305-7
|0 (DE-627)106378023
|0 (DE-576)208865039
|a Bewährungshilfe
|2 gnd
|
| 689 |
0 |
|
|5 (DE-627)
|
| 689 |
1 |
0 |
|d s
|0 (DE-588)4057778-8
|0 (DE-627)10416851X
|0 (DE-576)209123672
|a Strafaussetzung
|2 gnd
|
| 689 |
1 |
1 |
|d s
|0 (DE-588)4133584-3
|0 (DE-627)105679038
|0 (DE-576)20964513X
|a Widerruf
|2 gnd
|
| 689 |
1 |
|
|5 (DE-627)
|
| 889 |
|
|
|w (DE-627)425965090
|
| 935 |
|
|
|i mdedup
|
| 935 |
|
|
|i Blocktest
|
| 935 |
|
|
|h HEB
|i 0501
|
| 935 |
|
|
|h HEB
|i 0503
|
| 936 |
r |
v |
|a PH 5290
|b Strafaussetzung, Bewährungshilfe
|k Rechtswissenschaft
|k Strafrecht, Strafverfahrensrecht, Kriminologie
|k Strafvollzug
|k Strafaussetzung, Bewährungshilfe
|0 (DE-627)1272237338
|0 (DE-625)rvk/136198:
|0 (DE-576)202237338
|
| 936 |
b |
k |
|a 79.20
|j Resozialisierung
|0 (DE-627)106412957
|
| 936 |
s |
n |
|a p100
|2 mzub
|
| 951 |
|
|
|a BO
|
| ELC |
|
|
|b 1
|
| LOK |
|
|
|0 000 xxxxxcx a22 zn 4500
|
| LOK |
|
|
|0 001 3166372180
|
| LOK |
|
|
|0 003 DE-627
|
| LOK |
|
|
|0 004 024966126
|
| LOK |
|
|
|0 005 20140828111417
|
| LOK |
|
|
|0 008 930806||||||||||||||||ger|||||||
|
| LOK |
|
|
|0 040
|a DE-21-110
|c DE-627
|d DE-21-110
|
| LOK |
|
|
|0 689
|a s
|a Strafaussetzung zur Bewährung
|
| LOK |
|
|
|0 689
|a s
|a Bewährungshilfe
|
| LOK |
|
|
|0 689
|a s
|a Widerruf
|
| LOK |
|
|
|0 852
|a DE-21-110
|
| LOK |
|
|
|0 852 1
|c F V 156
|m p
|9 00
|
| LOK |
|
|
|0 935
|a k110
|
| LOK |
|
|
|0 936ln
|a 12.3
|
| LOK |
|
|
|0 938
|k p
|
| LOK |
|
|
|0 939
|a 06-08-93
|b l01
|
| ORI |
|
|
|a SA-MARC-krimdoka001.raw
|
| SIG |
|
|
|a IFK: F V 156
|